les 12 travaux d'Astérix - Statistiques

Statistiques générales
  • Ce quiz a été pris 198 fois
  • Le résultat moyen est 10 sur 12
Statistiques - réponses
Question Réponse % Correct
Comment est battu Cylindric le Germain ? Astérix a fait des nœuds avec ses bras et ses jambes
94%
Pourquoi Astérix et Obelix ont-ils quitté l’île du Plaisir ? Il n'y avait pas de sanglier
94%
Qui revient à la vie dans la plaine des revenants, là ou Astérix et Obélix doivent passer une nuit ? Des romains
92%
Quel était la marque de la lessive utilisé pour laver le linge dans l'énigme du Vénérable du Sommet ? Olympe
90%
Quel lieu insolite peut-on apercevoir lorsqu'ils sont dans l’antre de la bête Une station de métro
90%
Quel est le dernier repas que Mannekenpix apporte à Obelix ? Un éléphant aux olives
88%
Qu'a le temps de cueillir Astérix dans la forêt pendant sa course contre Mérinos ? Des champignons et des fleurs
86%
En quel animal Astérix a-t-il transformer Iris ? Sanglier
86%
Astérix et Obélix doivent traverser un gouffre avec plein de crocodile qui les attend en bas, tout ça sur un fils invisible, par où passent-ils ? Ils tombent et passe par le bas
73%
Que devait obtenir Astérix et Obelix dans la maison qui rend fou ? Le laisser passer A38
67%
Que dit Caïus Pupus à propos du javelot d'Hermès le Perse ? Il traverse les mers et les océans
65%
Qu'est ce qui ne s'est pas dérouler dans les jeux du cirque ? Abraracourcix a prit le casque d'un gladiateur pour combattre
39%
Aucun quiz correspondant
Distribution des résultats
% des personnes avec chaque résultat
Percentile par nombre de réponses
Votre historique - résultats
Vous n’avez pas pris ce quiz